| 000 | nam a22 7a 4500 | ||
|---|---|---|---|
| 999 |
_c233485 _d233485 |
||
| 003 | Nust | ||
| 005 | 20170308111408.0 | ||
| 008 | 170308b xxu||||| |||| 00| 0 eng d | ||
| 040 | _c0 | ||
| 050 | _a363.7 BUS | ||
| 082 | _a363.7 BUS | ||
| 100 | _aBushra | ||
| 245 |
_aLipids Production From Oleagenous Microbes Using Agricultural Residues As A Feedstock _cBushra |
||
| 260 |
_aIslamabad _bIESE (SCEE) NUST _c2016. |
||
| 300 |
_a75 p. _bHB. |
||
| 440 | _aMS Environmental Science | ||
| 500 | _aThesis MS ES | ||
| 650 | _aEnvironmental Science | ||
| 700 | _4Dr. Muhammad Arshad (Supervisor) | ||
| 942 |
_2ddc _cTHE _kIESE |
||